K počátkům nepřímé výroby železa v Českých zemích

Titel: K počátkům nepřímé výroby železa v Českých zemích
Verfasser:
In: Z dějin hutnictví, Band 148=26 (1997), Seite 12-16
alle Artikel anzeigen
Veröffentlicht: 1997
Format: Aufsatz
Sprache: Tschechisch
Kein Bild verfügbar
X
alg: 39312037
001A    $01999:11-11-16 
001B    $01999:28-04-21 $t19:31:22.000 
001D    $01999:11-11-16 
001U    $0utf8 
001X    $00 
002@    $0Aox 
003@    $0393120376 
007A    $0393120376 $aHEB 
007T    $0Herdp05442 
010@    $acze 
011@    $a1997 
021A    $aK počátkům nepřímé výroby železa v Českých zemích 
028A    $7128965975 $8Maur, Eduard$Z1937- [Tp1] $9120795094 
031A    $d148=26 $h12-16 $j1997 
037A    $aněm. res. 16: Zu den Anfängen der indirekten Eisenherstellung in den Böhmischen Ländern 
039B    $aIn $8--Abvc--. Z dějin hutnictví. - Praha, 1972-. - ISSN 0139-9810 $x199700001480000988 $9064660656 
045F    $a330.094371 $eDDC23BSB 
045F/01 $a330.09 
045F/03 $g4371 

lok: 39312037 78

exp: 39312037 78 1 #EPN
201B/01 $030-09-25 $t21:47:43.000 
201U/01 $0utf8 
203@/01 $0789230690 
208@/01 $a11-11-16 $be 
209A/01 $a/ $f000 $x00 
220C/01 $aTitelaufnehmer: kr;rk 
220C/01 $aHerkunft: Hú Av Čr Praha 
244Z/01 $#Tschechien $#Tschechische Republik $#Tschechien $#Tschechische Republik $#Tschechenland $#Tschechei Tschechien $#Česká Republika $#Czech Republic $#ČR $74303381-7 $8--Tg1--Tschechien $x01 $9086659812 
244Z/01 $2Trx $#Böhmen $#Bohemia $#Czechy $8--Trx--Čechy $x02 $9391188941 
244Z/01 $2Trx $#Karlshütte Beraun-Königshof $#Karlová Huť $8--Trx--Karlová Huť$gBeroun-Králův Dvůr $x03 $9391141872 
244Z/01 $2Trx $#Königshof Beraun $#Kralův Dvůr $8--Trx--Beroun-Králův Dvůr $x04 $9391240633 
244Z/01 $2Trx $#Straschitz Rokycan $8--Trx--Strašice$gRokycany $x05 $9391300091 
244Z/01 $2Trx $#Zaječow-Sankt Benigna Beraun $#Sankt Benigna $#Svatá Dobrotivá $8--Trx--Zaječov-Svatá Dobrotivá$gBeroun $x06 $9391317164 
244Z/01 $#Rokycany $#Rokitzan $74343124-0 $8--Tg1--Rokycan $x07 $9088172198 
244Z/01 $aGeschichte 1590-1660 $x08 
244Z/01 $2Trx $#Sart, Jindřich Kaspar de $8--Trx--Sart, Heinrich Kaspar de $x09 $9391092952 
244Z/01 $2Trx $8--Trx--Sart, Julius de $x10 $939107220X 
244Z/01 $2Trx $#metallurgia üldiselt $#metalurgija bendras $#metallurgy general $#kohászat általános $#hutnictwo ogólnie $#hutníctvo všeobecne $#hutnictví všeobecně $8--Trx--Hüttenwesen$gallgemein $x11 $9391377248 
244Z/01 $2Trx $#metallurgia $#metalurgija $#metallurgy $#fémkohászat $#metalurgia $#metalurgia $#metalurgie $8--Trx--Metallurgie $x12 $9391371223 
244Z/01 $2Trx $8--Trx--Zeitschriftenaufsatz $x13 $9391384341 
245Z/01 $a09.04 $x01 
247C/01 $82080>Marburg/Lahn, Herder-Institut, Forschungsbibliothek, Bibliographieportal $9336309341
LEADER 00000caa a22000002c 4500
001 393120376
003 DE-603
005 20210428193122.0
007 tu
008 161111s1997 xx |||| | u00||u|cze c
035 |a (DE-599)HEB393120376 
040 |a DE-603  |b ger  |c DE-603  |d DE-603 
041 |a cze 
082 0 4 |8 1\u  |a 330.094371  |q DE-101  |2 23/BSB 
085 |8 1\u  |b 330.09 
085 |8 1\u  |z 2  |s 4371 
100 1 |a Maur, Eduard  |d 1937-  |0 (DE-603)120795094  |0 (DE-588)128965975  |2 gnd 
245 0 0 |a K počátkům nepřímé výroby železa v Českých zemích 
264 0 |c 1997 
500 |a něm. res. 16: Zu den Anfängen der indirekten Eisenherstellung in den Böhmischen Ländern 
773 0 8 |i In  |t Z dějin hutnictví  |d Praha, 1972-  |x 0139-9810  |g Band 148=26 (1997), Seite 12-16  |w (DE-603)064660656  |w (DE-600)258827-4 
924 0 |9 2080  |a (DE-603)789230690  |b DE-2080  |c HES  |d d  |g /